[Event "RB-2014-0-00267"]
[Site "LSS email"]
[Date "2014.11.28"]
[Round "?"]
[White "Bezrukov, Andrej"]
[Black "Perez, Alberto"]
[Result "1/2-1/2"]
[WhiteElo "1800"]
[BlackElo "1911"]
[PlyCount "45"]
[EventDate "2014.11.02"]
[EventType "tourn (corr)"]
[EventRounds "6"]
[EventCountry "GER"]
[SourceTitle "Corr 2022"]
[Source "ChessBase"]
[SourceDate "2021.10.24"]
[SourceVersion "1"]
[SourceVersionDate "2021.10.24"]
[SourceQuality "1"]

1. e4 e5 2. Nf3 Nc6 3. Bb5 a6 4. Ba4 Nf6 5. 0-0 Be7 6. Re1 b5 7. Bb3 0-0 8. c3 d5 9. exd5 Nxd5 10. Nxe5 Nxe5 11. Rxe5 c6 12. Re1 Bd6 13. d4 Qh4 14. g3 Qh3 15. Re4 g5 16. Qf1 Qxf1+ 17. Kxf1 Bf5 18. Re1 Rae8 19. Be3 Bd3+ 20. Kg2 f5 21. Na3 f4 22. Bd2 Kg7 23. Rxe8 1/2-1/2

[Event "RB-2014-0-00267"]
[Site "LSS email"]
[Date "2014.11.26"]
[Round "?"]
[White "Pilgram, Kurt"]
[Black "Bezrukov, Andrej"]
[Result "1/2-1/2"]
[WhiteElo "1937"]
[BlackElo "1800"]
[PlyCount "56"]
[EventDate "2014.11.02"]
[EventType "tourn (corr)"]
[EventRounds "6"]
[EventCountry "GER"]
[SourceTitle "Corr 2022"]
[Source "ChessBase"]
[SourceDate "2021.10.24"]
[SourceVersion "1"]
[SourceVersionDate "2021.10.24"]
[SourceQuality "1"]

1. Nf3 Nf6 2. d4 d5 3. c4 e6 4. g3 Bb4+ 5. Bd2 Be7 6. Bg2 0-0 7. 0-0 Nc6 8. Qc2 h6 9. Rd1 a6 10. a3 dxc4 11. Qxc4 Qd5 12. Qd3 Qf5 13. Be1 Rd8 14. Nc3 Qxd3 15. Rxd3 Bd6 16. h3 Nd5 17. Na4 Na7 18. Rd2 Bd7 19. Nc5 Bxc5 20. dxc5 Ba4 21. Ne5 Nc6 22. Nxc6 Bxc6 23. Rad1 Rd7 24. b3 Rad8 25. e4 Nf6 26. f3 Rxd2 27. Rxd2 Rxd2 28. Bxd2 Nd7 1/2-1/2

[Event "CP-2014-P-00039"]
[Site "LSS email"]
[Date "2014.09.30"]
[Round "?"]
[White "Koronowski, Heinz Juergen"]
[Black "Bezrukov, Andrej"]
[Result "1/2-1/2"]
[WhiteElo "2066"]
[BlackElo "1800"]
[PlyCount "50"]
[EventDate "2014.10.01"]
[EventType "tourn (corr)"]
[EventRounds "6"]
[EventCountry "GER"]
[SourceTitle "Corr 2022"]
[Source "ChessBase"]
[SourceDate "2021.10.24"]
[SourceVersion "1"]
[SourceVersionDate "2021.10.24"]
[SourceQuality "1"]

1. e4 e5 2. Nf3 Nc6 3. d4 exd4 4. Nxd4 Bc5 5. Nb3 Bb6 6. Nc3 Nf6 7. Qe2 0-0 8. Bg5 h6 9. Bh4 a5 10. 0-0-0 a4 11. Nd2 Bd4 12. Nb5 a3 13. bxa3 Re8 14. Nxd4 Nxd4 15. Qc4 Nc6 16. Qb3 Qe7 17. Qb2 Qc5 18. f3 d6 19. Bxf6 gxf6 20. Nb3 Qxa3 21. Qxa3 Rxa3 22. Kb2 Ra7 23. Bb5 Bd7 24. a4 Kg7 25. Nc5 Bc8 1/2-1/2

[Event "ZI-2014-0-01876"]
[Site "LSS email"]
[Date "2014.09.24"]
[Round "?"]
[White "Sandocal, Uzmir"]
[Black "Bezrukov, Andrej"]
[Result "0-1"]
[WhiteElo "1786"]
[BlackElo "1800"]
[PlyCount "70"]
[EventDate "2014.09.12"]
[EventType "match (corr)"]
[EventRounds "2"]
[EventCountry "GER"]
[SourceTitle "Corr 2022"]
[Source "ChessBase"]
[SourceDate "2021.10.24"]
[SourceVersion "1"]
[SourceVersionDate "2021.10.24"]
[SourceQuality "1"]

1. b3 d5 2. e3 Bf5 3. Nf3 e6 4. d4 Nf6 5. Bd3 Bg6 6. 0-0 c5 7. c4 cxd4 8. Bxg6 hxg6 9. cxd5 dxe3 10. Bxe3 Nxd5 11. Bd2 Bd6 12. h3 Nd7 13. Nc3 N7f6 14. Rc1 Rc8 15. Nxd5 Nxd5 16. Bg5 Rxc1 17. Qxc1 f6 18. Bd2 Kf7 19. Qc4 Qb6 20. Rc1 a6 21. Qe4 Bc5 22. Be1 Rc8 23. Rd1 Qc7 24. Kf1 Bb6 25. Rxd5 exd5 26. Qxd5+ Ke7 27. Bb4+ Bc5 28. Qe4+ Kd8 29. Bd2 g5 30. Qe6 Qd6 31. Qg8+ Qf8 32. Ba5+ b6 33. Bxb6+ Ke7 34. Qxf8+ Kxf8 35. Bxc5+ Rxc5 0-1